| 000 | 00758 a2200205 4500 | ||
|---|---|---|---|
| 003 | NUST | ||
| 005 | 20221122125255.0 | ||
| 020 | _a8120325796 | ||
| 040 | _cNust | ||
| 082 | _a519,SAS | ||
| 100 | _aSastry, S.S. | ||
| 245 |
_aEngineering mathematics / _cS.S.Sastry |
||
| 250 |
_aThird Edition _bvol.1 |
||
| 260 |
_aPrentice-Hall of India Private Limited _bNew Delhi _c2004 |
||
| 300 |
_axvi, 751p.: _b18 cm _cillu |
||
| 440 | _vVolum-1 | ||
| 505 | _aHigher Algebra (Page-1), Geometry, Vectors and Complex Numbers (Page-153), Differentiation (Page-304), Integration (Page-420), Function of Several Variables (Page-499), Multiple Integrals (Page-578), Numerical Methods (Page-647). | ||
| 650 |
_aEngineering mathematic _9103342 |
||
| 942 |
_2ddc _cBK _k519,SAS |
||
| 999 |
_c188762 _d188762 |
||